01714nam a22003377a 4500003000400000005001700004008004300021040001100064082001700075100004600092245007000138260005000208300001900258490001300277505001400290505026700304505003600571505002300607505016300630505013800793505001700931650004400948650004400992650004701036650004301083650004401126700003501170942002801205999001501233952012801248OSt20230706094536.0170318s2016 gt||||| |||| 00| 0 spa d cLado V04a306.4bR786c 9866aRoque Baldovinos, Ricardoedirectora10aCultura/bRevista del consejo nacional para la cultura y el arte/ bConsejo Nacional de Culturac1999aCosta Rica a198p.c24x18cm a84v1999 aEditorial aENSAYOStDe como el personaje fue maestro y el autor su aprendiz La historia cifrada El drama del purgatorio plasmado en una pintura colonial Las ideas filosóficas en El Salvador La religión del arte Carlos Martínez Rivas y la soledad de las ciudades aENTREVISTAtAlvaro Mendez Leal  aPOESÍAtCOMARCAS aESPECIALtNueva cuentistica salvadoreña Una pequeña libreta de apuntes Cementerio de carrosMujeres en el rincón Razor Correspondencia de abril Vaca aCOMENTARIOStRetorno a los clásicos En el centenario de Xavier Zubiri Saramago Reinventando el 68 francés Los cuentos Sucios aTINTA FRESCA 2Tesauro de Arte & ArquitecturaaCULTURA 2Tesauro de Arte & ArquitecturaaENSAYOS 2Tesauro de Arte & ArquitecturaaENTREVISTA 2Tesauro de Arte & ArquitecturaaPOESIA 2Tesauro de Arte & ArquitecturaaCRITICA1 aSvankmajer.eilustrador.95749 2ddcc1h306.4iR786cn0 c3981d3981 00102ddc3199940708RevistasaLVbLVd2023-07-06h84i003289l0o306.4 R786cp003289r2023-07-06 00:00:00w2023-07-06y1